000 00395nam a2200157Ia 4500
008 230711s9999||||xx |||||||||||||| ||und||
041 _aENG
082 _a624
_bSA-I
100 _aSahasrabudhe SR
245 0 _aIrrigation Engineering & Hydraulic Structures
250 _a1st Ed.
260 _c1994
_aNew Delhi
_bS.K Kataria & Sons
300 _a175
650 _aCivil Engineering
942 _cBK
999 _c2778
_d2778